<?xml version="1.0" encoding="UTF-8"?>
<record
    xmlns:xsi="http://www.w3.org/2001/XMLSchema-instance"
    xsi:schemaLocation="http://www.loc.gov/MARC21/slim http://www.loc.gov/standards/marcxml/schema/MARC21slim.xsd"
    xmlns="http://www.loc.gov/MARC21/slim">

  <leader>00359    a2200109   4500</leader>
  <controlfield tag="001">ART_50927</controlfield>
  <controlfield tag="005">20260410162019.0</controlfield>
  <controlfield tag="008">260409a                                 </controlfield>
  <datafield tag="245" ind1="1" ind2="0">
    <subfield code="a">&#xBF;Existe un derecho humano a procrear?</subfield>
  </datafield>
  <datafield tag="100" ind1="1" ind2=" ">
    <subfield code="a">Rodr&#xED;guez, Yamila V.</subfield>
  </datafield>
  <datafield tag="773" ind1="0" ind2=" ">
    <subfield code="t">Temas de derecho de familia, sucesiones y bio&#xE9;tica</subfield>
    <subfield code="g">- A&#xF1;o 5, N&#xB0; 5 (mayo 2020)</subfield>
    <subfield code="w">REV41029</subfield>
  </datafield>
  <datafield tag="999" ind1=" " ind2=" ">
    <subfield code="c">32969</subfield>
    <subfield code="d">32969</subfield>
  </datafield>
</record>
